00345nam a2200097Ia 4500008004100000082002000041100001500061245004400076260003000120650009700150211119s9999||||xx |||||||||||||| ||und|| a894.8123bBEN-A aBenyamin,  0aAkkapporinte Irupathu Nasranivarshangal bD c Booksa2008cKottayam aMalayalam LiteraturevMalayalam FictionMalayalam NovelsShort StoriesMalayalamxGeneral Stack